| 000 -LEADER |
| fixed length control field |
01553cam a22003977a 4500 |
| 001 - CONTROL NUMBER |
| control field |
14520425 |
| 003 - CONTROL NUMBER IDENTIFIER |
| control field |
OSt |
| 005 - DATE AND TIME OF LATEST TRANSACTION |
| control field |
20240213144135.0 |
| 008 - FIXED-LENGTH DATA ELEMENTS--GENERAL INFORMATION |
| fixed length control field |
060818s2006 gw ab 000 0 eng d |
| 010 ## - LIBRARY OF CONGRESS CONTROL NUMBER |
| LC control number |
2006499539 |
| 020 ## - INTERNATIONAL STANDARD BOOK NUMBER |
| International Standard Book Number |
3822839728 |
| 020 ## - INTERNATIONAL STANDARD BOOK NUMBER |
| International Standard Book Number |
9783822839720 |
| 035 ## - SYSTEM CONTROL NUMBER |
| System control number |
(OCoLC)ocm69824966 |
| 035 ## - SYSTEM CONTROL NUMBER |
| System control number |
(OCoLC)69824966 |
| 040 ## - CATALOGING SOURCE |
| Original cataloging agency |
SISPL |
| Transcribing agency |
SISPL |
| Modifying agency |
BAKER |
| -- |
BGU |
| -- |
OHX |
| -- |
YDXCP |
| -- |
OCLCQ |
| -- |
PIT |
| -- |
MUQ |
| -- |
DLC |
| 041 0# - LANGUAGE CODE |
| Language code of text/sound track or separate title |
eng |
| -- |
fre |
| -- |
ger |
| 042 ## - AUTHENTICATION CODE |
| Authentication code |
lccopycat |
| 043 ## - GEOGRAPHIC AREA CODE |
| Geographic area code |
e-uk--- |
| 050 00 - LIBRARY OF CONGRESS CALL NUMBER |
| Classification number |
NA968 |
| Item number |
.J63 2006 |
| 082 ## - DEWEY DECIMAL CLASSIFICATION NUMBER |
| Classification number |
720.94109051 |
| Author Mark |
JOD |
| 100 1# - MAIN ENTRY--PERSONAL NAME |
| Personal name |
Jodidio, Philip. |
| 9 (RLIN) |
9029 |
| 245 10 - TITLE STATEMENT |
| Title |
UK : |
| Remainder of title |
architecture in the United Kingdom / |
| Statement of responsibility, etc. |
Philip Jodidio. |
| 246 30 - VARYING FORM OF TITLE |
| Title proper/short title |
Architecture in the United Kingdom |
| 260 ## - PUBLICATION, DISTRIBUTION, ETC. |
| Place of publication, distribution, etc. |
Köln ; |
| -- |
Los Angeles : |
| Name of publisher, distributor, etc. |
Taschen, |
| Date of publication, distribution, etc. |
c2006. |
| 300 ## - PHYSICAL DESCRIPTION |
| Extent |
192 p. : |
| Other physical details |
col. ill., maps ; |
| Dimensions |
30 cm. |
| 440 #0 - SERIES STATEMENT/ADDED ENTRY--TITLE |
| Title |
Contemporary architecture by country |
| 9 (RLIN) |
120340 |
| 500 ## - GENERAL NOTE |
| General note |
Series from dust jacket. |
| 546 ## - LANGUAGE NOTE |
| Language note |
Text in English, French, and German. |
| 650 #0 - SUBJECT ADDED ENTRY--TOPICAL TERM |
| Topical term or geographic name entry element |
Architecture |
| Geographic subdivision |
Great Britain |
| General subdivision |
History |
| Chronological subdivision |
20th century. |
| 9 (RLIN) |
120341 |
| 650 #0 - SUBJECT ADDED ENTRY--TOPICAL TERM |
| Topical term or geographic name entry element |
Architecture |
| Geographic subdivision |
Great Britain |
| General subdivision |
History |
| Chronological subdivision |
21st century. |
| 9 (RLIN) |
120342 |
| 856 42 - ELECTRONIC LOCATION AND ACCESS |
| Materials specified |
Contributor biographical information |
| Uniform Resource Identifier |
<a href="http://www.loc.gov/catdir/enhancements/fy0913/2006499539-b.html">http://www.loc.gov/catdir/enhancements/fy0913/2006499539-b.html</a> |
| 856 42 - ELECTRONIC LOCATION AND ACCESS |
| Materials specified |
Publisher description |
| Uniform Resource Identifier |
<a href="http://www.loc.gov/catdir/enhancements/fy0915/2006499539-d.html">http://www.loc.gov/catdir/enhancements/fy0915/2006499539-d.html</a> |
| 906 ## - LOCAL DATA ELEMENT F, LDF (RLIN) |
| a |
7 |
| b |
cbc |
| c |
copycat |
| d |
2 |
| e |
ncip |
| f |
20 |
| g |
y-gencatlg |
| 942 ## - ADDED ENTRY ELEMENTS (KOHA) |
| Source of classification or shelving scheme |
|
| Koha item type |
Book |